000 00225nam a2200097Ia 4500
005 20251222114355.0
008 251222s1900||||xx |||||||||||||| ||spa||
082 _aDVD0050/M87/2009
245 0 _aIdentidad sustituta:
942 _cDVD
999 _c1412
_d1412